| 000 | 00845nam a22002777a 4500 | ||
|---|---|---|---|
| 999 |
_c3241 _d3241 |
||
| 003 | AR-CdUCM | ||
| 008 | 190306b ||||| |||| 00| 0 spa d | ||
| 020 | _a8449968704 | ||
| 040 |
_aMUNICIPALIDAD PROVINCIAL DEL CUSCO _cBIBLIOTECA MUNICIPAL DEL CUSCO |
||
| 041 | _heng | ||
| 082 |
_a818.5 / _bSI57 |
||
| 100 |
_aSinger, Isaac Bashevis _910826 |
||
| 245 | _aEl mago de Lublin / | ||
| 260 |
_aEspaña : _bEdiciones Orbis S.A., _c1984. |
||
| 300 |
_a235 páginas ; _c20 cm. |
||
| 500 | _aPremio Nobel, 1978. | ||
| 650 |
_aNarrativa norteamericana _92492 |
||
| 650 |
_aNovelas estadounidenses _9734 |
||
| 650 |
_aSiglo XX _98 |
||
| 650 |
_aNovela psicológica _910827 |
||
| 650 |
_aNovela - Judios _910828 |
||
| 650 |
_aPremio Nobel - 1978 _910829 |
||
| 700 |
_aBuelta, Luis (Traductor) _910830 |
||
| 942 |
_2ddc _cLIBROS |
||
| 945 | _alccs | ||